LEADER 00817nam0-22003011i-450- 001 990003005610403321 010 $a0-8039- 1429-6 035 $a000300561 035 $aFED01000300561 035 $a(Aleph)000300561FED01 035 $a000300561 100 $a20000920d1980----km-y0itay50------ba 101 0 $aeng 200 1 $aAggregate Data$eAnalysis and Interpretation$fEdgar F. Borgatta and David J. Jackson, Editors. 205 $a1 ed. 210 $aBeverly Hills$cSage$d1980 215 $a192 p.$d22 cm 676 $a11130 676 $a11320 702 1$aBorgatta,$bEdgar F. 702 1$aJackson,$bDavid J. 801 0$aIT$bUNINA$gRICA$2UNIMARC 901 $aBK 912 $a990003005610403321 952 $a11130 BOR$b12430/I$fSES 959 $aSES 996 $aAggregate Data$9468415 997 $aUNINA LEADER 00952nam0-22003131i-450- 001 990003139000403321 035 $a000313900 035 $aFED01000313900 035 $a(Aleph)000313900FED01 035 $a000313900 100 $a20000920d1987----km-y0itay50------ba 101 0 $aeng 102 $aIT 200 1 $aMultiproduct Firms and Market Structure$fAvner Shaked and John Sutton. 210 $aLondon$cLondon School of Economics and Political Science$d1987. 215 $a20 p.$d20 cm 225 1 $aTheoretical Economics$fSuntory Toyota International Centre for Economics and Related Disciplines$v154 676 $aG/3.340 676 $aI/2.120 702 1$aShaked,$bAvner 702 1$aSutton,$bJohn 801 0$aIT$bUNINA$gRICA$2UNIMARC 901 $aBK 912 $a990003139000403321 952 $aA/71 SUN$b6646$fSES 959 $aSES 996 $aMultiproduct Firms and Market Structure$9455569 997 $aUNINA DB $aING01 LEADER 00904nam0-22003131i-450 001 990000015900403321 005 20230109142751.0 035 $a000001590 035 $aFED01000001590 035 $a(Aleph)000001590FED01 035 $a000001590 100 $a20011111d1980----km-y0itay50------ba 101 0 $aita 105 $ay-------001yy 200 1 $aManuale del perito industriale$eper le aziende meccaniche, metallurgiche, elettriche e radioelettriche. 205 $aNuova ed. 210 $aRoma$cEdizioni Cremonese$d1980 215 $aXLVII, 2726 p.$cill.$d17 cm 225 1 $aManuali Cremonese 610 0 $aPeriti industriali$aManuali 676 $a602.3 801 0$aIT$bUNINA$gRICA$2UNIMARC 901 $aBK 912 $a990000015900403321 952 $a13 K 47 12$b32667$fFINBC 959 $aFINBC 996 $aMANUALE del perito industriale$9106581 997 $aUNINA DB $aING01 LEADER 04882nam 2200577Ia 450 001 9910786737303321 005 20220113212734.0 010 $a90-04-25008-5 024 7 $a10.1163/9789004250086 035 $a(CKB)2670000000356686 035 $a(EBL)1214123 035 $a(SSID)ssj0000890444 035 $a(PQKBManifestationID)11493968 035 $a(PQKBTitleCode)TC0000890444 035 $a(PQKBWorkID)10903289 035 $a(PQKB)10694328 035 $a(MiAaPQ)EBC1214123 035 $a(OCoLC)849248179 035 $a(nllekb)BRILL9789004250086 035 $a(Au-PeEL)EBL1214123 035 $a(CaPaEBR)ebr10718725 035 $a(CaONFJC)MIL497798 035 $a(PPN)18491499X 035 $a(EXLCZ)992670000000356686 100 $a20130107d2013 uy 0 101 0 $aeng 135 $aur|n|---||||| 181 $ctxt 182 $cc 183 $acr 200 00$aAncient Egyptian administration$b[electronic resource] /$fedited by Juan Carlos Moreno Garcia 210 $aLeiden ;$aBoston $cBrill$d2013 215 $a1 online resource (1111 p.) 225 0 $aHandbook of oriental studies =$aHandbuch der Orientalistik. Section 1, ancient Near East,$x0169-9423 ;$vv 104 300 $aIncludes index. 311 $a90-04-24952-4 327 $tPreliminary Material --$tThe Study of Ancient Egyptian Administration /$rJuan Carlos Moreno García --$tThe Organisation of a Nascent State: Egypt until the Beginning of the 4th Dynasty /$rEva-Maria Engel --$tThe Central Administration of the Resources in the Old Kingdom: Departments, Treasuries, Granaries and Work Centers /$rHratch Papazian --$tThe Territorial Administration of the Kingdom in the Third Millennium /$rJuan Carlos Moreno García --$tKings, Viziers, and Courtiers: Executive Power in the Third Millennium B.C. /$rMiroslav Bárta --$tThe Administration of the Royal Funerary Complexes /$rHana Vymazalová --$tBalat, a Frontier Town and Its Archive /$rLaure Pantalacci --$tSetting a State Anew: The Central Administration from the End of the Old Kingdom to the End of the Middle Kingdom /$rWolfram Grajetzki --$tThe Royal Command (wd?-nsw): A Basic Deed of Executive Power /$rPascal Vernus --$tNomarchs and Local Potentates: The Provincial Administration in the Middle Kingdom /$rHarco Willems --$tThe Organisation of the Pharaonic Army (Old to New Kingdom) /$rAnthony Spalinger --$tCategorisation, Classification, and Social Reality: Administrative Control and Interaction with the Population /$rKatalin Anna Kóthay --$tCrisis and Restructuring of the State: From the Second Intermediate Period to the Advent of the Ramesses /$rJJ Shirley --$tThe Rising Power of the House of Amun in the New Kingdom /$rBen Haring --$tCoping with the Army: The Military and the State in the New Kingdom /$rAndrea M. Gnirs --$tThe Administration of Institutional Agriculture in the New Kingdom /$rSally L.D. Katary --$tA Bureaucratic Challenge? Archaeology and Administration in a Desert Environment (Second Millennium B.C.E.) /$rJohn Coleman Darnell --$tThe Ramesside State /$rPierre Grandet --$tAdministration of the Deserts and Oases: First Millennium B.C.E. /$rDavid Klotz --$tFrom Conquered to Conqueror: The Organization of Nubia in the New Kingdom and the Kushite Administration of Egypt /$rRobert Morkot --$tThe Saite Period: The Emergence of a Mediterranean Power /$rDamien Agut-Labordčre --$tThe ?Other? Administration: Patronage, Factions, and Informal Networks of Power in Ancient Egypt /$rJuan Carlos Moreno García --$tIndex. 330 $aAncient Egyptian Administration provides the first comprehensive overview of the structure, organization and evolution of the pharaonic administration from its origins to the end of the Late Period. The book not only focuses on bureaucracy, departments, and official practices but also on more informal issues like patronage, the limits in the actual exercise of authority, and the competing interests between institutions and factions within the ruling elite. Furthermore, general chapters devoted to the best-documented periods in Egyptian history are supplemented by more detailed ones dealing with specific archives, regions, and administrative problems. The volume thus produced by an international team of leading scholars will be an indispensable, up-to-date, tool of research covering a much-neglected aspect of pharaonic civilization. 410 0$aHandbook of Oriental Studies. Section 1 The Near and Middle East$v104. 606 $aBureaucracy$zEgypt$xHistory 607 $aEgypt$xPolitics and government$yTo 332 B.C 615 0$aBureaucracy$xHistory. 676 $a932/.01 701 $aMoreno Garcia$b Juan Carlos$0476238 801 0$bMiAaPQ 801 1$bMiAaPQ 801 2$bMiAaPQ 906 $aBOOK 912 $a9910786737303321 996 $aAncient Egyptian administration$93672195 997 $aUNINA